000 00378nam a22001457a 4500
005 20180308121025.0
008 170719b xxu||||| |||| 00| 0 eng d
022 _a04304055
040 _cPK-LaUMT
082 _aZIAC 297.05
_bFIK-
245 _aFikr o nazar/
260 _aاسلام آباد:
_bادارہ تحقیقات اسلامی،
_c2013
300 _a275 ص
942 _cBK
999 _c95368
_d95368